00758nam a22002177a 450000500170000001000150001702000260003203500140005803700130007208200060008510000270009124500790011825000100019726000490020727000840025630000240034070000100036494200200037499900190039495201270041320260603124354.0 aENG-148711 a9788119670017c399.00 aEN-132243 bDBAD/PUB aN aRohera, Prakash989274 aOne Life One Chance:cPrakash RoherabTools and Tales for Inspired Living/ aFirst aNew DelhibVitasta Publishing Pvt. Ltdc2024 a4348/4C, Ansari Road, Daryaganj,bNew Delhie110002minfo@vitastapublishing.com a179 p.c21.5 cm(pb) 980840 2ddccENhNmROH c216472d216472 001040718FICaDBADbDBADd2026-06-03eDBADg399.00l0oN ROHpEN-132243r2026-06-03 12:44:36t1v399.00w2026-06-03yEN